| 000 | 00506nam a2200169Ia 4500 | ||
|---|---|---|---|
| 008 | 090201s9999 xx 000 0 und d | ||
| 010 | _aKPL-74653 | ||
| 040 | _bमराठी | ||
| 041 | _aमराठी | ||
| 082 |
_a55185 _b74653 |
||
| 100 | _aराजा पारगांवकर | ||
| 245 |
_aअजगर _cराजा पारगांवकर |
||
| 260 |
_c2008 _bमनोरमा प्रकाशन |
||
| 300 |
_a152 _bलहान |
||
| 600 | _aअजगर | ||
| 942 | _cBOOK | ||
| 999 |
_c251473 _d251473 |
||